Compendio de filosofía escolástico-contemporánea
Saved in:
| Hovedforfatter: | |
|---|---|
| Format: | Bog |
| Sprog: | spansk |
| Udgivet: |
Barcelona
Eugenio Subirana
1924
|
| Fag: | |
| Tags: |
Tilføj Tag
Ingen Tags, Vær først til at tagge denne postø!
|
MARC
| LEADER | 00000cam a2200000 a 4500 | ||
|---|---|---|---|
| 001 | UCG9338 | ||
| 003 | CL-VaPUC | ||
| 008 | 120309e19240000SP |||||||||||||||||spa|d | ||
| 082 | 0 | 4 | |a 189.4 |b MAR |2 21 |
| 100 | |a Marxuach, Francisco |e autor |9 560849 | ||
| 245 | 1 | 0 | |a Compendio de filosofía escolástico-contemporánea |
| 300 | |a t | ||
| 942 | |c BK | ||
| 945 | |d 20120309 00:00:00 |a dcastane | ||
| 260 | |a Barcelona |b Eugenio Subirana |c 1924 | ||
| 500 | |a t.2: Cosmología, Psicología y Teodicea | ||
| 650 | 0 | |a Escolasticismo |9 264998 | |
| 650 | 0 | |a Teología |9 258766 | |
| 650 | 0 | |a Cosmología |9 269138 | |
| 650 | 0 | |a Teodicea |9 315235 | |
| 583 | |a last modification |c 20121002 11:19:55 |k Rodrigo Vera | ||
| 999 | |c 346895 |d 346893 | ||
| 952 | |0 0 |1 0 |4 0 |6 189_400000000000000_MAR_1924 |7 0 |8 P |9 447836 |a BIBEDU |b BIBEDU |c BIBEDU_PB |d 2019-11-22 |h t.2 |i 4837436 |o 189.4 MAR 1924 |p 4837436 |r 2024-01-25 |w 2019-11-22 |y BK |k FIL | ||